Transferencia metodológica para el diagnóstico de la oferta y demanda de los bejucos utilizados en la región de Filandia Quindío (Registro nro. 6019)

Detalles MARC
000 -CABECERA
Campo de control 01310nam a2200241 a 4500
005 - FECHA Y HORA DE LA ULTIMA TRANSACCION
Campo de control 20130719031930.0
008 - ELEMENTOS DE LONGITUD FIJA—INFORMACION GENERAL
Campo de control 130719b xxu||||| |||| 00| 0 spa d
041 ## - IDIOMA
Código de idioma para texto/pista de sonido o título separado Español
090 ## - CLASIFICACIÓN LOCAL
Colección IAVH
Consecutivo 00765 CD-1
100 ## - ASIENTO PRINCIPAL--NOMBRE PERSONAL
Nombre personal Diaz Manzano, Diego Mauricio
245 ## - MENCION DE TITULO
Título Transferencia metodológica para el diagnóstico de la oferta y demanda de los bejucos utilizados en la región de Filandia Quindío
Parte restante del título lineamientos para el desarrollo de un plan de manejo de los bejucos útiles
260 ## - PUBLICACION, DISTRIBUCION, ETC. (PIE DE IMPRENTA)
Lugar de publicación, distribución, etc. Quindío
Nombre del editor, distribuidor, etc. Instituto Alexander von Humboldt
Fecha de publicación, distribución, etc. 2005
300 ## - DESCRIPCION FISICA
Extensión 15 p.
520 ## - NOTA DE RESUMEN, ETC.
Nota de resumen Se consolida una metodología para la valoración cuantitativa de la oferta y la demanda de los bejucos utilizados en cestería. Se documental el diseño y la realización del diagnóstico de la oferta y la demanda de bejucos utilizados en la región de Finlandia-Quindío. Se establecen los lineamientos para el desarrollo de un plan de manejo participativo de bejucos a nivel regional.
650 ## - ASIENTO SECUNDARIO DE MATERIA - TERMINO TEMATICO
Término temático o nombre geográfico como elemento de entrada Oferta y demanda
650 ## - ASIENTO SECUNDARIO DE MATERIA - TERMINO TEMATICO
Término temático o nombre geográfico como elemento de entrada Bejucos
650 ## - ASIENTO SECUNDARIO DE MATERIA - TERMINO TEMATICO
Término temático o nombre geográfico como elemento de entrada Cestería
650 ## - ASIENTO SECUNDARIO DE MATERIA - TERMINO TEMATICO
Término temático o nombre geográfico como elemento de entrada Artesanías
662 ## - ASIENTO SECUNDARIO DE MATERIA - JERARQUIA DEL NOMBRE DE LUGAR(
País o entidad mayor Colombia
Ciudad Filandia
Jurisdicción política de primer orden Quindío
773 0# - Item fuente:
Host Biblionumber 5986
Host Itemnumber 9704
Asiento principal
Edición
Lugar, editorial y fecha de publicación Bogotá Informatica documental 2007
Otro identificador del ítem - Codigo de Barras 024802
Título Informes de investigaciones IAVH en PDF
Número de control del registro
Número Internacional Normalizado para Publicaciones Seriadas - ISSN
Número Internacional Normalizado para Libros - ISBN
942 ## - ELEMENTOS ADICIONALES (KOHA)
Sistema de clasificación Dewey Decimal Classification
Tipo de ítem CD-ROM
945 ## - PROCESAMIENTO LOCAL
AAAA-MM-DD - Fecha de ingreso o modificacion 2007-08-16

No hay ítems disponibles.